Sprachkurs Deutsch 1 : Neufassung : Lehrerheft /

Uložené v:
Podrobná bibliografia
Hlavní autori: Häussermann, Ulrich (Author), Zenkner, Hugo (Author)
Médium: Kniha
Jazyk:German
Vydané: Frankfurt am Main : Diesterweg, 1991
ISBN: 3-425-05951-3 (brosch.)
Fyzický popis: 69 S. ; 23 cm
Tagy: Pridať tag
Žiadne tagy, Buďte prvý kto otaguje tento záznam!

MARC

LEADER 00000nam a2200000 a 4500
001 000476321
003 SVKK
005 20040615140929.0
008 040615s1991 e gero
020 |a 3-425-05951-3 (brosch.) 
040 |a 03  |b ger 
080 |a 430.7  |2 undef 
100 1 |a Häussermann, Ulrich  |4 aut 
245 1 0 |a Sprachkurs Deutsch 1 :  |b Neufassung : Lehrerheft /  |c von Ulrich Häussermann und Hugo Zenkner 
260 |a Frankfurt am Main :  |b Diesterweg,  |c 1991 
300 |a 69 S. ;  |c 23 cm 
700 1 |a Zenkner, Hugo  |4 aut 
910 |a KEA001 
972 |a PV 430.7 SPR 1 
998 |a BK 
973 |a 6237/03 
090 |g SCKGI  |k Študovňa GI  |a PV 430.7 SPR 1  |j 6237/03  |i G2720002976  |s Vyradená